Correspondencia general / (Registro nro. 8758)
[ vista simple ]
| 000 -CABECERA | |
|---|---|
| Campo de control interno | 01719nam a2200265Ia 4500 |
| 008 - ELEMENTOS DE LONGITUD FIJA - INFORMACIÓN GENERAL | |
| Campo de control de longitud fija | 260220t1970||||xx |||||||||||||| ||spa|| |
| 040 ## - FUENTE DE CATALOGACIÓN | |
| Agencia de catalogación original | PY-SlUNAC |
| Idioma de catalogación | spa |
| Convenciones de descripción | rda |
| 041 ## - CÓDIGO DE IDIOMA | |
| Código de idioma para texto/pista de sonido o título separado | spa |
| 082 ## - NÚMERO DE CLASIFICACIÓN DECIMAL DEWEY | |
| Clasificación Decimal Dewey (CDD) | 651.7 |
| Clasificación Expansiva de Cutter (EC) | M929c |
| 100 ## - ASIENTO PRINCIPAL - NOMBRE PERSONAL | |
| Nombre personal | Muñoz, J. |
| Rol del autor | Autor |
| 245 #0 - TÍTULO | |
| Título | Correspondencia general / |
| Mención de responsabilidad | por J. Muñoz [Autor] y R. Bori [Autor] |
| 250 ## - MENCIÓN DE EDICIÓN | |
| Mención de edición | Decimoséptima edición |
| 264 ## - PIE DE IMPRENTA | |
| Lugar | Barcelona : |
| Editorial | Cots, |
| Año | ℗1970. |
| 300 ## - DESCRIPCIÓN FÍSICA | |
| Páginas | 1 volumen |
| 520 ## - NOTA DE RESUMEN | |
| Nota de resumen | El libro "Correspondencia general" de J. Muñoz es una obra que compila una serie de cartas y documentos que revelan la vida y el pensamiento del autor en el contexto de la Barcelona de 1970. A través de su correspondencia, Muñoz aborda temas como la identidad, la política, y la cultura, ofreciendo una mirada íntima a sus reflexiones y preocupaciones. Las cartas, dirigidas a amigos, intelectuales y figuras destacadas de la época, permiten al lector adentrarse en la complejidad de las relaciones humanas y la búsqueda de significado en un mundo en constante cambio. La obra no solo destaca por su valor biográfico, sino también por su estilo literario, que combina la escritura epistolar con elementos poéticos. A medida que se desarrollan las correspondencias, se pueden observar las tensiones sociales y políticas que marcaron la época, lo que convierte a este libro en una importante contribución a la literatura y a la comprensión de la historia contemporánea. |
| 653 ## - MATERIA - TÉRMINO TEMÁTICO NO CONTROLADO (PALABRAS CLAVE) | |
| Materia - término temático no controlado (palabras clave) | Comunicación |
| 653 ## - MATERIA - TÉRMINO TEMÁTICO NO CONTROLADO (PALABRAS CLAVE) | |
| Materia - término temático no controlado (palabras clave) | Correspondencia |
| 653 ## - MATERIA - TÉRMINO TEMÁTICO NO CONTROLADO (PALABRAS CLAVE) | |
| Materia - término temático no controlado (palabras clave) | Historia |
| 700 ## - ENTRADA SECUNDARIA - AUTOR PERSONAL | |
| Nombre personal | Bori, R. |
| Rol del autor | Autor |
| 942 ## - ELEMENTOS PERSONALIZADOS (KOHA) | |
| Fecha catalogación | 2026/02/17 |
| Tipo de documento | Libros |
| Fuente de Clasificacion | Colección | Ubicacion permanente | Biblioteca actual | Fecha de Ingreso a la Biblioteca | Origen de adquisición | Enumeración en serie / cronología | Código de ubicación | Código de barras | Tipo de Item KOHA | Nota pública |
|---|---|---|---|---|---|---|---|---|---|---|
| Dewey Decimal Classification | Colección General (CG) | Biblioteca e Internet, Facultad de Ciencias Exactas y Naturales | Biblioteca e Internet, Facultad de Ciencias Exactas y Naturales | 02/20/2026 | Donación | 17aEd. | 651.7 M929c | CG2118 | Libros | Material disponible en la Biblioteca e Intenet, Campus UNA, San Lorenzo. |


